Państwa Świata po Angielsku - Statystyki

Ogólne statystyki
  • Ten quiz został rozwiązany 155 razy
  • Średni wynik to 113 z 197
Odpowiedzi na mapie
Odpowiedzi zakodowano w zielono-czerwonej skali na mapie do tego quizu, zgodnie z poniższymi procentami.
 
Statystyki odpowiedzi
Europa % Poprawnych
Canada
93%
Poland
92%
France
91%
Germany
91%
United States
91%
Mexico
89%
Spain
89%
Portugal
88%
Russia
88%
Brazil
87%
Chile
87%
China
87%
Italy
87%
Argentina
86%
Australia
86%
Finland
86%
Ukraine
86%
Sweden
83%
Belgium
82%
India
82%
Japan
82%
Norway
82%
Cuba
80%
Denmark
80%
Estonia
80%
Greece
80%
Peru
80%
Iceland
79%
Ireland
79%
New Zealand
79%
United Kingdom
79%
Albania
78%
Belarus
78%
Bulgaria
78%
Iran
78%
Serbia
78%
Austria
76%
South Korea
76%
Indonesia
75%
Mongolia
75%
North Korea
75%
Slovenia
75%
Turkey
75%
Bolivia
74%
Czech Republic
74%
Egypt
74%
Malta
74%
Romania
74%
Slovakia
74%
Croatia
72%
Nepal
72%
Pakistan
72%
Hungary
71%
Netherlands
71%
Oman
71%
Panama
71%
Cyprus
70%
Iraq
70%
Laos
70%
Latvia
70%
San Marino
70%
Sri Lanka
70%
Dominica
68%
Kosovo
68%
Lithuania
68%
Venezuela
68%
Israel
67%
Jordan
67%
Niger
67%
Syria
67%
Vietnam
67%
Colombia
66%
Haiti
66%
Saudi Arabia
66%
Afghanistan
64%
Nigeria
64%
Uruguay
64%
Angola
63%
Honduras
63%
Madagascar
63%
Mali
63%
Moldova
63%
Paraguay
63%
Philippines
63%
Somalia
63%
Andorra
62%
Bangladesh
62%
Costa Rica
62%
Liechtenstein
62%
Luxembourg
62%
South Africa
62%
Sudan
62%
Armenia
61%
Bhutan
61%
Montenegro
61%
Qatar
61%
South Sudan
61%
Switzerland
61%
Yemen
59%
Zambia
59%
Chad
58%
Jamaica
58%
Lesotho
58%
Namibia
58%
North Macedonia
58%
Belize
57%
Georgia
57%
Guatemala
57%
Bahamas
55%
Botswana
55%
Eswatini
55%
Ghana
55%
Nicaragua
55%
Taiwan
55%
Tanzania
55%
Thailand
55%
Monaco
54%
Togo
54%
Tunisia
54%
Turkmenistan
54%
Burkina Faso
53%
Ecuador
53%
Malawi
53%
Uganda
53%
Uzbekistan
53%
Kenya
51%
Palau
51%
Tuvalu
51%
Zimbabwe
51%
Guyana
50%
Senegal
50%
Tonga
50%
Cambodia
49%
Ethiopia
49%
Gabon
49%
Libya
49%
Vanuatu
49%
Algeria
47%
Benin
47%
Liberia
47%
Micronesia
47%
Morocco
47%
Nauru
47%
Samoa
47%
Vatican City
47%
Burundi
46%
Gambia
46%
Kiribati
46%
Papua New Guinea
46%
Sierra Leone
46%
Barbados
45%
Brunei
45%
Fiji
45%
Suriname
45%
Guinea
43%
Rwanda
43%
Saint Lucia
43%
Bahrain
42%
Bosnia and Herzegovina
42%
Mauritius
42%
El Salvador
41%
Grenada
41%
Dominican Republic
39%
Kazakhstan
39%
Mozambique
39%
Lebanon
38%
Myanmar
38%
Eritrea
37%
Malaysia
37%
Guinea-Bissau
36%
Marshall Islands
34%
Cameroon
33%
Saint Kitts and Nevis
33%
United Arab Emirates
33%
Tajikistan
32%
Azerbaijan
30%
Ivory Coast
29%
Kuwait
29%
Maldives
29%
Trinidad and Tobago
28%
Antigua and Barbuda
26%
Singapore
26%
Comoros
22%
Kyrgyzstan
21%
Central African Republic
20%
Solomon Islands
20%
Mauritania
18%
Djibouti
17%
Saint Vincent and the Grenadines
17%
Equatorial Guinea
14%
Seychelles
14%
Democratic Republic of the Congo
12%
Republic of the Congo
11%
São Tomé and Príncipe
11%
Palestine
9%
Timor-Leste
9%
Cabo Verde
7%
Nie znaleziono quizów pasujących do podanych kryteriów
Rozkład punktacji
Procent ludzi z każdym wynikiem
Percentyl według liczby udzielonych odpowiedzi
Twoja historia wyników
Nie rozwiązałeś tego quizu